000 00397nam a2200121Ia 4500
008 170224s9999 xx 000 0 und d
245 _aContemplating the ultimate sacrifice: Identity fusion channels pro-group affect, cognition, and moral decision making.
260 _bJournal of Personality and Social Psychology
260 _c2014
300 _a106:5
500 _aMay
650 _xPsychology.
999 _c316429
_d316429